Fyzikálne vlastnosti pôdy

Bibliographic Details
Main Author: Fulajtár, Emil, 1932- (Author)
Format: Book
Language:Slovak
PhysicalDescription:142 s. fotogr., mp., sch., tab. 25 cm
Published: Bratislava Výskumný ústav pôdoznalectva a ochrany pôdy 2006
ISBN:8089128203
Edition:[1. vyd.]
Subjects:

MARC

LEADER 00000nam a2200000 a 4500
001 vtls008840423
003 SK-MaSNL
005 20260301205645.0
008 240318s2006 xo obl f 000 0 slo
015 |a SNBA2006/08-04271 
020 |a 8089128203  |q (brož.) 
035 |a 28DE764C-4B52-4A92-80B0-6355D142CA8C 
035 |a urn:nbn:sk:snk-amla50 
035 |a urn:nbn:sk:snk-am008qvo 
040 |a SNK  |b slo  |c SNK  |e AACR2 
041 0 |a slo 
044 |a xo  |c SK 
072 7 |a 631  |x Poľnohospodárstvo. Pedológia. Agrotechnika. Agroekológia  |2 konspekt 
080 |a 631.4  |2 2001 
080 |a 631.412/.414  |2 2001 
080 |a (048.8)  |2 2001 
100 1 |a Fulajtár, Emil,  |d 1932-  |4 aut  |9 191246 
245 1 0 |a Fyzikálne vlastnosti pôdy  |c Emil Fulajtár, sen. 
250 |a [1. vyd.] 
260 |a Bratislava  |b Výskumný ústav pôdoznalectva a ochrany pôdy  |c 2006 
300 |a 142 s.  |b fotogr., mp., sch., tab.  |c 25 cm 
366 |e 150 výtl. 
504 |a Bibliogr. s. 133-134. Slov.-angl. názvoslovie fyzikálnych vlastností pôdy. Zoz. použ. skrat. a symbolov 
650 0 7 |a pôda  |2 SNKPH  |9 1159 
650 0 7 |a fyzikálne vlastnosti pôdy  |2 SNKPH  |9 69357 
655 7 |a monografie  |2 SNKPH  |9 70139 
919 |a 80-89128-20-3 
958 |a OND 
999 |c 910992  |d 912922 
952 |a SNK  |b SNK  |y PREZ  |7 0  |p 17A0518738  |o snkSC 124583  |i snk2006/16375  |8 0  |0 0  |1 0  |4 0  |d 2006-08-18  |f 1  |l 0  |r 2025-06-06 00:00:00  |w 2026-02-24 
952 |a SNK  |b SNK  |y VYP  |7 0  |p 17A0518737  |o snkSC 124583 D1  |i snk2006/16376  |8 0  |0 0  |1 0  |4 0  |d 2006-08-18  |l 0  |r 2026-02-24 07:43:01  |w 2026-02-24